UBT Library

The 1-day marketing plan : (Record no. 39986)

000 -LEADER
fixed length control field 00733cam a2200229 a 4500
001 - CONTROL NUMBER
control field 4852845
005 - DATE AND TIME OF LATEST TRANSACTION
control field 20180110071841.0
008 - FIXED-LENGTH DATA ELEMENTS--GENERAL INFORMATION
fixed length control field 910906s1992 ilua 001 0 eng
010 ## - LIBRARY OF CONGRESS CONTROL NUMBER
LC control number 91035192
020 ## - INTERNATIONAL STANDARD BOOK NUMBER
International Standard Book Number 0844233587 :
Terms of availability $49.95
040 ## - CATALOGING SOURCE
Original cataloging agency DLC
Transcribing agency DLC
Modifying agency DLC
041 ## - LANGUAGE CODE
Language code of text/sound track or separate title eng
080 ## - UNIVERSAL DECIMAL CLASSIFICATION NUMBER
Universal Decimal Classification number 658.802
082 00 - DEWEY DECIMAL CLASSIFICATION NUMBER
Classification number 658.802 HIE
Edition number 20
100 1# - Rafti
Rafti 60
101 ## - Shkurtesa
Shkurtesa MKT
245 14 - TITLE STATEMENT
Title The 1-day marketing plan :
Statement of responsibility, etc Roman G. Hiebing, Jr., Scott W. Cooper.
740 0# - ADDED ENTRY--UNCONTROLLED RELATED/ANALYTICAL TITLE
Uncontrolled related/analytical title One-day marketing plan.
906 ## - LOCAL DATA ELEMENT F, LDF (RLIN)
a 7
b cbc
c orignew
d 1
e ocip
f 19
g y-gencatlg
942 ## - ADDED ENTRY ELEMENTS (KOHA)
Source of classification or shelving scheme
Item type Books
Holdings
Withdrawn status Lost status Source of classification or shelving scheme Damaged status Not for loan Collection code Permanent location Current location Shelving location Date acquired Total Checkouts Full call number Barcode Date last seen Price effective from Koha item type
          Koleksioni i përgjithshem UBT - Lipjan UBT - Lipjan Koleksioni i përgjithshem 01/10/2018   658.802 HIE 002-2994846 01/10/2018 01/10/2018 Books
UBT Library © 2015-2024. All rights reserved University Education for Business and Technology